000 00787nam a22001337a 4500
040 _cRUA
082 _aAVM LAO 2013 B109 Or.1
100 _aLAO, THEANY.
245 _aEffect of three kind antibiotics for diarrhea treatment in weaned piglet at prearang district prey veng province, ប្រសិទ្ធភាពនៃអង់ទីប៊ីយ៉ូទិចបីប្រភេទសំរាប់ព្យាបាលជំងឺរាកកូនជ្រូក ក្នុងកំឡុងពេលផ្ដាច់ដោះនៅស្រុកពារាំង​ខេត្តព្រៃវែង
260 _aPhnom Penh
_bRUA
_c2013
300 _ax; 35p.
856 _uhttps://drive.google.com/file/d/1g-ZYVjUgl1WbtfLWHpwAfEgvPghNTSOI/view?usp=sharing
942 _cAVM
999 _c2677
_d2677